Provincias de Sicilia con un Mapa - Estadísticas

Estadísticas generales
  • Esta prueba ha sido intentada 18 veces
  • La puntuación promedio es 5 de 9
Respuestas en el mapa
Las respuestas están codificadas por una escala verde-roja en el mapa de la prueba según el % correcto abajo.
 
Estadísticas de respuestas
Provincias % Correcto
Palermo
100%
Catania
81%
Messina
75%
Agrigento
50%
Ragusa
50%
Caltanissetta
44%
Enna
44%
Trapani
44%
Syracuse
13%
No se encontraron pruebas coincidentes
Distribución de puntuación
Porcentaje de gente con cada puntuación
Porcentaje por número respondido
Historial de tus puntuaciones
No has intentado esta prueba.